000 00974nam a2200289 i 4500
003 EG-GICUC
005 20260411094757.0
008 260411s1951 -us||||fr|||| 00| 0 eng d
040 _aEG-GiCUC
_beng
_cEG-GiCUC
_dEG-GiCUC
_erda
082 0 4 _221
_a341.511
_bI N . F
092 0 4 _221
099 _aLaw1 11 341.511 I N . F 1951
110 _kInternational Court Of Justice
_eAuthor.
245 1 4 _aFishing Case (United Kingdom V. Norway) Judgment Of December 18th, 1951 :
_n Volume II /
_cBy International Court Of Justice.
_b
264 1 _aHague:
_bA. W. Sijhoffs Publishing,
_c1951.
300 _a780 pages;
_c24 cm
336 _2rda content
_atext
337 _2rda media
_aComputer
338 _2rda carrier
_aOnline Resource
504 _a
546 _aParallel text in French and English
650 1 4 _aPublic international law
_2
651 1 _2
856 4 0 _uhttps://fll.law.cu.edu.eg/fulltext/bks/B11-10034.pdf
905 _a64
942 _2ddc
_cBK
_e21
_n0
999 _c69980
_d69980